| 000 | 01415nam a22002415a 4500 | ||
|---|---|---|---|
| 003 | OSt | ||
| 005 | 20170314122008.0 | ||
| 008 | 170313s2009 xx frb 000 0 ara d | ||
| 015 | _a2009 / 13779 | ||
| 020 | _a9789770461355 | ||
| 040 |
_aEG-ScBUE _bara _cEG-ScBUE |
||
| 082 | 0 | 4 |
_a346.020285 _bع ل ي _222 |
| 100 | 1 | _aعلي، وائل حمدي أحمد. | |
| 245 | 1 | 2 |
_aالتقاضي الإلكتروني في العقود الدولية : _bدراسة تحليلية مقارنة في ضوء قانون الأونستيرال النموذجي للتحكيم التجاري الدولي لعام 1985 مع التعديلات التي اعتمدت في عام 2006 -اتفاقية نيويورك 1958 الخاصة بالاعتراف بقرارات التحكيم الأجنبية وتنفيذها والمعدلة عام 2006 - اتفاقية الأمم المتحدة بشأن الخطابات الإلكترونية في العقود الدولية عام 2006 / _cوائل حمدي أحمد علي. |
| 260 |
_a[د. م. : _bد. ن.]، _c2009. |
||
| 300 |
_a24 ص. ؛ _c24 سم. |
||
| 504 | _aيشتمل على إرجاعات ببليوجرافية. | ||
| 650 | 7 |
_2BUEsh _aالعقود الإلكترونية (قانون دولي) |
|
| 650 | 7 |
_2BUEsh _aالتداعي أمام المحاكم _xمعالجة بيانات (قانون دولي) |
|
| 651 | _2BUEsh | ||
| 653 |
_bLLAAWW _cMarch2017 |
||
| 942 | _2ddc | ||
| 999 |
_c24418 _d24390 |
||